[Event "Donoratico op-A"]
[Site "Donoratico"]
[Date "2011.05.01"]
[Round "5"]
[White "Campatelli, Giovanni"]
[Black "Paperetti, Emiliano"]
[Result "1-0"]
[WhiteElo "1796"]
[BlackElo "1707"]
[PlyCount "35"]
[EventDate "2011.04.29"]
[EventType "swiss"]
[EventRounds "5"]
[EventCountry "ITA"]
[SourceTitle "EXT 2015"]
[Source "ChessBase"]
[SourceDate "2014.11.20"]
[SourceVersion "1"]
[SourceVersionDate "2014.11.20"]
[SourceQuality "1"]

1. d4 d5 2. Nf3 g6 3. Bf4 Bg7 4. e3 Nf6 5. Be2 0-0 6. h3 c6 7. 0-0 Nbd7 8. Nbd2 c5 9. c3 c4 10. Qc2 b5 11. e4 Nb6 12. g4 Nxe4 13. Nxe4 dxe4 14. Qxe4 f5 15. gxf5 Bxf5 16. Qe3 Bxh3 17. Ng5 Nd5 18. Qxh3 1-0

[Event "Rome Steinitz op 1st"]
[Site "Rome"]
[Date "2002.07.06"]
[Round "2"]
[White "Campatelli, Giovanni"]
[Black "Riondino, Michele"]
[Result "0-1"]
[WhiteElo "1506"]
[BlackElo "1621"]
[PlyCount "108"]
[EventDate "2002.07.05"]
[EventType "swiss"]
[EventRounds "5"]
[EventCountry "ITA"]
[SourceTitle "EXT 2007"]
[Source "ChessBase"]
[SourceDate "2006.11.23"]
[SourceVersion "1"]
[SourceVersionDate "2006.11.23"]
[SourceQuality "1"]

1. e4 e5 2. Nf3 Nc6 3. Bb5 a6 4. Ba4 Nf6 5. 0-0 Nxe4 6. Re1 Nc5 7. Bxc6 dxc6 8. Nxe5 Be7 9. d4 Ne6 10. c3 0-0 11. Be3 Bd6 12. Nd2 c5 13. Ne4 cxd4 14. Bxd4 Nxd4 15. Qxd4 Be7 16. Qxd8 Rxd8 17. Rad1 Be6 18. b3 Rxd1 19. Rxd1 f6 20. Nf3 c5 21. c4 Kf7 22. Nd6+ Bxd6 23. Rxd6 Ke7 24. Rd3 Rd8 25. Rxd8 Kxd8 26. Kf1 b5 27. Nd2 Kc7 28. Ke2 bxc4 29. Nxc4 Bxc4+ 30. bxc4 Kb6 31. Kd3 Ka5 32. Ke4 Kb4 33. Kd5 a5 34. a3+ Kxa3 35. Kxc5 a4 36. Kd5 Kb4 37. c5 a3 38. c6 a2 39. c7 a1Q 40. c8Q Qe5+ 41. Kc6 Qe4+ 42. Kd7 Qxg2 43. Qb8+ Kc3 44. Qg3+ Qxg3 45. fxg3 f5 46. Ke6 g6 47. Ke5 Kd3 48. Kf4 Ke2 49. g4 fxg4 50. Kxg4 Kf2 51. Kg5 h5 52. Kh4 Kf3 53. h3 Kg2 54. Kg5 Kxh3 0-1

[Event "Rome Steinitz op 1st"]
[Site "Rome"]
[Date "2002.07.05"]
[Round "1"]
[White "Marino, Massimo"]
[Black "Campatelli, Giovanni"]
[Result "1-0"]
[WhiteElo "1966"]
[BlackElo "1506"]
[PlyCount "75"]
[EventDate "2002.07.05"]
[EventType "swiss"]
[EventRounds "5"]
[EventCountry "ITA"]
[SourceTitle "EXT 2007"]
[Source "ChessBase"]
[SourceDate "2006.11.23"]
[SourceVersion "1"]
[SourceVersionDate "2006.11.23"]
[SourceQuality "1"]

1. e4 e5 2. Nf3 d6 3. Bc4 Be7 4. d3 Nf6 5. Nbd2 0-0 6. 0-0 c6 7. Bb3 Nbd7 8. Re1 Qc7 9. Nc4 b5 10. Ne3 Nc5 11. c4 Nxb3 12. axb3 Bd7 13. Qc2 Rfc8 14. Bd2 bxc4 15. bxc4 Rcb8 16. Bc3 Qb6 17. Ra5 c5 18. Rea1 a6 19. R5a3 Qc6 20. Nd2 Bd8 21. R1a2 Rb7 22. Qd1 Rba7 23. Ndf1 a5 24. Ng3 g6 25. Qd2 a4 26. Ne2 Bb6 27. f4 Bc7 28. Ra1 Ba5 29. Rf1 Be8 30. Qe1 Kg7 31. Qf2 Bxc3 32. Nxc3 Ng8 33. f5 Rb8 34. f6+ Kh8 35. Ned5 Bd7 36. Nb5 Ra5 37. Qd2 Qa8 38. Ndc7 1-0